| 000 | 00390nam a2200133Ia 4500 | ||
|---|---|---|---|
| 008 | 231129s9999||||xx |||||||||||||| ||spa|| | ||
| 020 | _a958-06-1531-4 | ||
| 040 | _bspa | ||
| 082 | _a633.88 A696L | ||
| 100 | _aArias Alzate Eugenio | ||
| 245 | 0 | _aEl libro de las plantas medicinales | |
| 264 | _aBogotá Colombia : La Oveja Negra | ||
| 942 |
_2ddc _cBKS |
||
| 999 |
_c11507 _d11507 |
||